Jakiego obecnego kraju jest to dawna nazwa? - Statystyki

Ogólne statystyki
  • Ten quiz został rozwiązany 1 444 razy
  • Średni wynik to 10 z 14
Statystyki odpowiedzi
Dawna nazwa Obecny kraj % Poprawnych
III Rzesza Niemcy
99%
Związek Radziecki Rosja
99%
Cesarstwo Rzymskie Włochy
99%
Imperium Osmańskie Turcja
95%
Królestwo Franków Francja
91%
Dynastia Qing Chiny
86%
Monarchia Habsburgów Austria
83%
Inflanty Łotwa / Estonia
69%
Mezopotamia Irak
66%
Kalifat Umajjadów Arabia Saudyjska
47%
Księstwo Kurlandii i Semigalii Łotwa
46%
Syjam Tajlandia
42%
Dynastia Achmenidów Iran
30%
Górna Wolta Burkina Faso
14%
Nie znaleziono quizów pasujących do podanych kryteriów
Rozkład punktacji
Procent ludzi z każdym wynikiem
Percentyl według liczby udzielonych odpowiedzi
Twoja historia wyników
Nie rozwiązałeś tego quizu